| 000 | 00966cam a22002895a 4500 | ||
|---|---|---|---|
| 001 | 017366850 | ||
| 003 | OSt | ||
| 005 | 20160509103045.0 | ||
| 008 | 150511t2016 enka fr 001 0 eng d | ||
| 020 | _a9781292077185 (pbk.) | ||
| 020 | _a1292077182 (pbk.) | ||
| 040 |
_aStDuBDS _beng _cStDuBDS _dEG-ScBUE |
||
| 082 | 0 | 4 |
_a005.133 _222 _bCAR |
| 100 | 1 |
_aCarrano, Frank M. _939932 |
|
| 245 | 1 | 0 |
_aData structures and abstractions with Java / _cFrank M. Carrano and Timothy Henry. |
| 250 | _a4th ed., Global ed. | ||
| 260 |
_aHarlow : _bPearson Education Limited, _cc.2016. |
||
| 300 |
_a930 p. : _bill. ; _c26 cm. |
||
| 500 | _aPrevious edition : 2012. | ||
| 500 | _aIndex : p. [919]-927. | ||
| 650 | 7 |
_aJava (Computer program language) _2BUEsh _93407 |
|
| 650 | 7 |
_aData structures (Computer science) _2BUEsh _912448 |
|
| 650 | 7 |
_aAbstract data types (Computer science) _2BUEsh _914400 |
|
| 653 |
_bCOMAME _cMay2016 |
||
| 700 | 1 | _aHenry, Timothy, | |
| 942 | _2ddc | ||
| 999 |
_c21707 _d21679 |
||